00311nam a2200121Ia 4500008004100000041000800041082001400049100001100063245005200074260002700126300001900153999001700172241015s9999 xx 000 0 und d aeng a651.7 JON aLindsy aRunning Great Meetings and Workshop For Dummies bWileyaNew Dehlic2014 a334;. P. 22 cm c41622d41622